000 00730nam a2200313Ia 4500
001 82
008 191123s9999 xx 000 0 und d
041 _aspa
044 _aag
100 _aGonzalez Lanuza, Eduardo,
260 _aBuenos Aires :
_bLosada,
_c1941.
300 _a28 p.
504 _aBibliografía pp. 26-28
650 _aARGENTINA
650 _aBIOGRAFIAS
650 _aBUTLER, HORACIO
650 _aPINTURAS
902 _aM
903 _am
904 _am
907 _aImpreso
911 _aláminas b/n; 18 cm
912 _a1941
920 _an. 3
942 _cLIBRO
999 _c76
_d76
490 0 _aMonografías de arte americano, serie argentina
245 0 _aHoracio Butler.